[Event "Niedersachsen-ch op B"]
[Site "Verden"]
[Date "2018.01.06"]
[Round "6"]
[White "Axt, Christian"]
[Black "Flauss, Jessica"]
[Result "1/2-1/2"]
[WhiteElo "1696"]
[BlackElo "1535"]
[PlyCount "29"]
[EventDate "2018.01.04"]
[EventType "swiss"]
[EventRounds "7"]
[EventCountry "GER"]
[SourceTitle "EXT 2022"]
[Source "ChessBase"]
[SourceDate "2021.10.06"]
[SourceVersion "1"]
[SourceVersionDate "2021.10.06"]
[SourceQuality "1"]

1. a3 e5 2. c4 Nf6 3. g3 d5 4. Bg2 Be6 5. e3 Nc6 6. cxd5 Nxd5 7. Ne2 Qd7 8. 0-0 Bh3 9. Nbc3 Bxg2 10. Kxg2 g5 11. d4 exd4 12. Nxd4 0-0-0 13. Nxc6 Qxc6 14. Nxd5 Rxd5 15. Qf3 1/2-1/2

[Event "Niedersachsen-ch op B"]
[Site "Verden"]
[Date "2018.01.05"]
[Round "3"]
[White "Flauss, Jessica"]
[Black "Nagel, Detlev"]
[Result "1-0"]
[WhiteElo "1535"]
[BlackElo "1493"]
[PlyCount "43"]
[EventDate "2018.01.04"]
[EventType "swiss"]
[EventRounds "7"]
[EventCountry "GER"]
[SourceTitle "EXT 2022"]
[Source "ChessBase"]
[SourceDate "2021.10.06"]
[SourceVersion "1"]
[SourceVersionDate "2021.10.06"]
[SourceQuality "1"]

1. e4 e6 2. d4 Bb4+ 3. c3 Be7 4. Nf3 d5 5. e5 c5 6. Be2 cxd4 7. cxd4 Nc6 8. 0-0 Bd7 9. Nc3 a6 10. a3 Qa5 11. Be3 Qb6 12. Rb1 f6 13. exf6 Nxf6 14. Ne5 0-0 15. Bg4 Qd8 16. f4 Nxe5 17. fxe5 Nxg4 18. Qxg4 Rxf1+ 19. Rxf1 Qb6 20. Bh6 g6 21. Qf4 Be8 22. Qf8+ 1-0

[Event "Niedersachsen-ch op B"]
[Site "Verden"]
[Date "2018.01.05"]
[Round "4"]
[White "Hallfarth, Luise"]
[Black "Flauss, Jessica"]
[Result "0-1"]
[WhiteElo "1256"]
[BlackElo "1535"]
[PlyCount "24"]
[EventDate "2018.01.04"]
[EventType "swiss"]
[EventRounds "7"]
[EventCountry "GER"]
[SourceTitle "EXT 2022"]
[Source "ChessBase"]
[SourceDate "2021.10.06"]
[SourceVersion "1"]
[SourceVersionDate "2021.10.06"]
[SourceQuality "1"]

1. e4 e5 2. Nf3 Nc6 3. Bc4 Bc5 4. 0-0 d6 5. Nc3 Bg4 6. d3 Nd4 7. Nb5 Nxf3+ 8. gxf3 Bh3 9. Re1 c6 10. Nc3 Qf6 11. Be3 Qg6+ 12. Kh1 Qg2# 0-1

[Event "Regionalliga SO 1718 (Women)"]
[Site "Germany"]
[Date "2017.10.15"]
[Round "1.2"]
[White "Uhlig, Jessica"]
[Black "Flauss, Jessica"]
[Result "1/2-1/2"]
[WhiteElo "1571"]
[BlackElo "1617"]
[PlyCount "58"]
[EventDate "2017.10.15"]
[EventType "team-tourn"]
[EventRounds "5"]
[EventCountry "GER"]
[SourceTitle "CBM 183 Extra"]
[Source "ChessBase"]
[SourceDate "2018.04.19"]
[SourceVersion "1"]
[SourceVersionDate "2018.04.19"]
[SourceQuality "1"]
[WhiteTeam "Meuselwitz (W)"]
[BlackTeam "Lehrte (W) II"]
[WhiteTeamCountry "GER"]
[BlackTeamCountry "GER"]

1. c4 e5 2. g3 d6 3. Bg2 Nc6 4. Nc3 Be6 5. d3 Nf6 6. Nf3 Be7 7. 0-0 Qc8 8. Bd2 Bh3 9. Re1 Bxg2 10. Kxg2 h5 11. Bg5 Nh7 12. Bxe7 Kxe7 13. Nd5+ Kd8 14. Qd2 f6 15. e4 Qe6 16. d4 h4 17. dxe5 hxg3 18. exd6 gxh2 19. dxc7+ Ke8 20. Nxh2 Ng5 21. Nf4 Qe5 22. Ng4 Qxc7 23. Rh1 Rf8 24. Ng6 Rg8 25. Qd5 Qf7 26. Nf4 Rd8 27. Qxf7+ Kxf7 28. Rhe1 Rd4 29. Rad1 Rgd8 1/2-1/2

[Event "Niedersachsen-ch op-C"]
[Site "Verden"]
[Date "2017.01.07"]
[Round "5"]
[White "Flauss, Jessica"]
[Black "Santos, Leonardo de Souza"]
[Result "1-0"]
[WhiteElo "1619"]
[BlackElo "1633"]
[PlyCount "55"]
[EventDate "2017.01.05"]
[EventType "swiss"]
[EventRounds "7"]
[EventCountry "GER"]
[SourceTitle "CBM 187 Extra"]
[Source "ChessBase"]
[SourceDate "2018.11.04"]
[SourceVersion "1"]
[SourceVersionDate "2018.11.04"]
[SourceQuality "1"]

1. e4 c5 2. Nf3 d6 3. d4 cxd4 4. Nxd4 Nf6 5. Nc3 g6 6. f3 Bg7 7. Be3 0-0 8. Qd2 Nc6 9. Nxc6 bxc6 10. Bh6 Be6 11. g4 Qa5 12. Bxg7 Kxg7 13. h4 h5 14. gxh5 Nxh5 15. Be2 Qc5 16. 0-0-0 Rab8 17. f4 Ng3 18. Rhg1 Qb4 19. b3 Nxe2+ 20. Nxe2 Qxe4 21. h5 Qb4 22. Qd3 Qc5 23. Nd4 Bd7 24. Rxg6+ fxg6 25. Qxg6+ Kh8 26. Qh6+ Kg8 27. Rg1+ Kf7 28. Qg6# 1-0

[Event "Niedersachsen-ch op-C"]
[Site "Verden"]
[Date "2017.01.05"]
[Round "1"]
[White "Kiesel, Lucas"]
[Black "Flauss, Jessica"]
[Result "1-0"]
[WhiteElo "1698"]
[BlackElo "1619"]
[PlyCount "71"]
[EventDate "2017.01.05"]
[EventType "swiss"]
[EventRounds "7"]
[EventCountry "GER"]
[SourceTitle "CBM 187 Extra"]
[Source "ChessBase"]
[SourceDate "2018.11.04"]
[SourceVersion "1"]
[SourceVersionDate "2018.11.04"]
[SourceQuality "1"]

1. d4 d5 2. c4 c6 3. Nc3 Nf6 4. Nf3 Bg4 5. cxd5 Nxd5 6. e4 Nb6 7. h3 Bxf3 8. gxf3 e6 9. Bg2 N8d7 10. Bf4 Nc4 11. Qe2 Ndb6 12. Rd1 Bb4 13. 0-0 Qf6 14. Be3 g5 15. e5 Qg6 16. Ne4 Nxe3 17. Nf6+ Ke7 18. fxe3 Nd5 19. Nxd5+ exd5 20. e4 h5 21. exd5 cxd5 22. Qb5 Qb6 23. Qxd5 Rhd8 24. Qe4 Rac8 25. a3 Bxa3 26. bxa3 Rd7 27. Kh1 Rc4 28. Qf5 Rcxd4 29. Rxd4 Qxd4 30. Qxg5+ Ke8 31. Rc1 Rd8 32. Rc7 Rd7 33. Rc8+ Rd8 34. Rxd8+ Qxd8 35. Qxd8+ Kxd8 36. f4 1-0

[Event "Niedersachsen-ch op-B"]
[Site "Verden"]
[Date "2016.01.04"]
[Round "4"]
[White "Moenster, Madita"]
[Black "Flauss, Jessica"]
[Result "1-0"]
[WhiteElo "1726"]
[BlackElo "1468"]
[PlyCount "93"]
[EventDate "2016.01.03"]
[EventType "swiss"]
[EventRounds "7"]
[EventCountry "GER"]
[SourceTitle "EXT 2018"]
[Source "ChessBase"]
[SourceDate "2017.10.13"]
[SourceVersion "1"]
[SourceVersionDate "2017.10.13"]
[SourceQuality "1"]

1. e4 e5 2. Nf3 Nc6 3. Bb5 Nd4 4. Nxd4 exd4 5. 0-0 Bc5 6. d3 c6 7. Ba4 d5 8. exd5 Qxd5 9. Bb3 Qf5 10. Nd2 h5 11. Ne4 Be7 12. Re1 Kf8 13. Ng3 Qg6 14. Qf3 h4 15. Ne2 Bg4 16. Nf4 Bxf3 17. Nxg6+ fxg6 18. gxf3 Re8 19. Bf4 g5 20. Be5 Bf6 21. Bd6+ Ne7 22. Re6 h3 23. Rae1 Rh6 24. a4 Rg6 25. R6e4 Rh6 26. Ba3 Rh7 27. Be6 g6 28. Bd7 Rd8 29. Bxh3 Rxh3 30. Bxe7+ Bxe7 31. Rxe7 Rb8 32. Kg2 Rh4 33. Rd7 Rf4 34. Ree7 b5 35. a5 a6 36. Rh7 Kg8 37. Rdg7+ Kf8 38. Rxg6 Rc8 39. Rh8+ Kf7 40. Rxc8 Kxg6 41. Rxc6+ Rf6 42. Rxf6+ Kxf6 43. Kg3 Kf5 44. b4 Kg6 45. Kg4 Kf6 46. f4 gxf4 47. Kxf4 1-0

[Event "Hannover-chA"]
[Site "Lehrte"]
[Date "2014.10.27"]
[Round "5"]
[White "Mumm, Karen"]
[Black "Flauss, Jessica"]
[Result "0-1"]
[WhiteElo "1336"]
[BlackElo "1465"]
[PlyCount "66"]
[EventDate "2014.10.25"]
[EventType "swiss"]
[EventRounds "7"]
[EventCountry "GER"]
[SourceTitle "EXT 2021"]
[Source "ChessBase"]
[SourceDate "2020.10.23"]
[SourceVersion "1"]
[SourceVersionDate "2020.10.23"]
[SourceQuality "1"]

1. e4 e5 2. Nf3 Nc6 3. d4 exd4 4. Nxd4 Nge7 5. Bc4 Ne5 6. Be2 d5 7. Nc3 dxe4 8. Nxe4 N7c6 9. c3 Nxd4 10. cxd4 Bb4+ 11. Nc3 Ng6 12. 0-0 0-0 13. Ne4 Re8 14. f3 Bf5 15. Ng3 Be6 16. a3 Ba5 17. b4 Bb6 18. Bb2 Qd7 19. Qd2 Rad8 20. Rad1 c6 21. Qc3 Nf4 22. Kh1 f6 23. Bc4 Nd5 24. Qd2 Ne3 25. Bxe6+ Rxe6 26. Ne4 Nxf1 27. Rxf1 Qe7 28. Qf4 Bxd4 29. Bxd4 Rxd4 30. Qb8+ Rd8 31. Qxa7 f5 32. Nc5 Re1 33. Nxb7 Rxf1+ 0-1

[Event "BL2 Nord 1011 (Women)"]
[Site "Germany"]
[Date "2010.12.04"]
[Round "3.6"]
[White "Kretzer, Erika"]
[Black "Flauss, Jessica"]
[Result "0-1"]
[WhiteElo "749"]
[BlackElo "1577"]
[PlyCount "52"]
[EventDate "2010.11.06"]
[EventType "team-tourn"]
[EventRounds "7"]
[EventCountry "GER"]
[SourceTitle "EXT 2012"]
[Source "ChessBase"]
[SourceDate "2011.11.24"]
[SourceVersion "1"]
[SourceVersionDate "2011.11.24"]
[SourceQuality "1"]
[WhiteTeam "Krefeld (W)"]
[BlackTeam "Lehrte (W)"]
[WhiteTeamCountry "GER"]
[BlackTeamCountry "GER"]

1. e4 e5 2. Nf3 Nc6 3. Bc4 Bc5 4. c3 d6 5. d4 exd4 6. cxd4 Bb6 7. 0-0 Bg4 8. Be2 Bxf3 9. Bxf3 Bxd4 10. Qd2 Nf6 11. a4 0-0 12. Ra2 Bc5 13. b3 Re8 14. Qe2 d5 15. e5 Nxe5 16. Nd2 Qd6 17. Bb2 Neg4 18. g3 Rxe2 19. Bxe2 Qe6 20. Bd3 Re8 21. Raa1 Nxf2 22. Bc2 N2e4+ 23. Kg2 Nxd2 24. Rf4 Qe2+ 25. Kh3 Nf3 26. Rc1 Qxh2# 0-1

[Event "Niedersachsen-ch Girls"]
[Site "Rotenburg"]
[Date "2009.04.08"]
[Round "7"]
[White "Kolbach, Juliane"]
[Black "Flauss, Jessica"]
[Result "0-1"]
[WhiteElo "1161"]
[BlackElo "1601"]
[PlyCount "72"]
[EventDate "2009.04.04"]
[EventType "swiss"]
[EventRounds "9"]
[EventCountry "GER"]
[SourceTitle "EXT 2010"]
[Source "ChessBase"]
[SourceDate "2010.11.25"]
[SourceVersion "1"]
[SourceVersionDate "2010.11.25"]
[SourceQuality "1"]

1. d4 d5 2. Nc3 Nf6 3. Bf4 Bf5 4. Nf3 e6 5. e3 Bb4 6. a3 Ba5 7. b4 Bb6 8. Bb5+ c6 9. Bd3 0-0 10. 0-0 Bg4 11. Be2 Nbd7 12. Ne5 Bf5 13. Bg5 Bc7 14. Nxd7 Qxd7 15. Bxf6 gxf6 16. Bd3 Bg6 17. f4 Rfd8 18. Qg4 f5 19. Qg3 Kf8 20. Qg5 Qe7 21. Qh6+ Ke8 22. b5 Rdc8 23. a4 Ba5 24. Ne2 Bd2 25. Rf3 c5 26. c3 cxd4 27. cxd4 Qb4 28. b6 a6 29. a5 Qb3 30. e4 fxe4 31. Bxe4 Qb5 32. Bxg6 hxg6 33. Nc3 Qb2 34. Rb1 Qc2 35. Rbf1 Bxc3 36. R1f2 Bxd4 0-1

[Event "Niedersachsen-ch U18"]
[Site "Rotenburg"]
[Date "2008.03.18"]
[Round "6"]
[White "Flauss, Jessica"]
[Black "Scholz, Michael"]
[Result "1/2-1/2"]
[WhiteElo "1255"]
[BlackElo "1480"]
[PlyCount "136"]
[EventDate "2008.03.15"]
[EventType "swiss"]
[EventRounds "9"]
[EventCountry "GER"]
[SourceTitle "EXT 2009"]
[Source "ChessBase"]
[SourceDate "2008.11.26"]
[SourceVersion "1"]
[SourceVersionDate "2008.11.26"]
[SourceQuality "1"]

1. e4 c6 2. d4 d5 3. e5 Bf5 4. Nc3 e6 5. g4 Bg6 6. Nge2 h6 7. h4 c5 8. Be3 cxd4 9. Bxd4 Nc6 10. Be3 Nxe5 11. Nd4 a6 12. f4 Nc6 13. f5 exf5 14. gxf5 Bh7 15. Bd3 Nf6 16. Qe2 Qe7 17. Nxc6 bxc6 18. 0-0-0 Ne4 19. Bxe4 dxe4 20. Qc4 Rc8 21. Qxa6 Bxf5 22. Qa4 Qb4 23. Qa6 Bc5 24. Bxc5 Qxc5 25. Nxe4 Qe3+ 26. Nd2 0-0 27. Rde1 Qc5 28. Qc4 Qxc4 29. Nxc4 Be6 30. Nd6 Rcd8 31. Nb7 Rb8 32. Na5 Ra8 33. Nxc6 Rxa2 34. b3 Kh7 35. Kb1 Ra6 36. Nd4 Rd8 37. Nxe6 Rxe6 38. Rxe6 fxe6 39. Re1 Re8 40. c4 Kg6 41. b4 Rb8 42. b5 Kf6 43. Rf1+ Ke5 44. Re1+ Kd4 45. Rxe6 Kxc4 46. Re7 Rxb5+ 47. Kc2 g5 48. hxg5 hxg5 49. Kd2 Kd4 50. Ke2 Re5+ 51. Rxe5 Kxe5 52. Kf3 Kf5 53. Kg3 g4 54. Kg2 Kg5 55. Kg3 Kh5 56. Kg2 Kh4 57. Kh2 g3+ 58. Kg2 Kg4 59. Kf1 Kf5 60. Kg1 Ke4 61. Kg2 Kf4 62. Kg1 Ke3 63. Kg2 Kf4 64. Kg1 Kf3 65. Kf1 Kg4 66. Kg2 Kh4 67. Kg1 Kh3 68. Kh1 g2+ 1/2-1/2

[Event "Niedersachsen-ch U18"]
[Site "Rotenburg"]
[Date "2008.03.16"]
[Round "3"]
[White "Kannenberg, Sebastian"]
[Black "Flauss, Jessica"]
[Result "0-1"]
[WhiteElo "1244"]
[BlackElo "1255"]
[PlyCount "82"]
[EventDate "2008.03.15"]
[EventType "swiss"]
[EventRounds "9"]
[EventCountry "GER"]
[SourceTitle "EXT 2009"]
[Source "ChessBase"]
[SourceDate "2008.11.26"]
[SourceVersion "1"]
[SourceVersionDate "2008.11.26"]
[SourceQuality "1"]

1. e4 e5 2. Nf3 Nc6 3. Nc3 Nf6 4. Bc4 Bc5 5. d3 h6 6. 0-0 d6 7. h3 Be6 8. Bxe6 fxe6 9. Ne2 Qe7 10. Be3 Bxe3 11. fxe3 g5 12. Nh2 0-0-0 13. d4 Nxe4 14. Qd3 Nf6 15. Qg6 Nd5 16. Rf7 Qe8 17. Ng4 Rd7 18. Rg7 Rxg7 19. Qxg7 h5 20. Nf6 Nxf6 21. Qxf6 g4 22. h4 exd4 23. exd4 Nb4 24. c4 Nc2 25. Rc1 Ne3 26. Rc3 Rf8 27. Qg5 Rf1+ 28. Kh2 Nf5 29. Rc1 Rxc1 30. Qxc1 Nxh4 31. Qg5 Nf5 32. d5 Qf7 33. dxe6 Qxe6 34. Nf4 Qe5 35. Qg8+ Kd7 36. Qf7+ Ne7 37. Kg3 c6 38. Kh4 Qxf4 39. Qxf4 Ng6+ 40. Kxh5 Nxf4+ 41. Kxg4 Nxg2 0-1

[Event "Niedersachsen-ch U16/18 Girls"]
[Site "Rotenburg/Wuemme"]
[Date "2007.04.05"]
[Round "8"]
[White "Flauss, Jessica"]
[Black "Bruenn, Anna Katharina"]
[Result "1-0"]
[WhiteElo "1017"]
[BlackElo "782"]
[PlyCount "61"]
[EventDate "2007.03.31"]
[EventType "swiss"]
[EventRounds "9"]
[EventCountry "GER"]
[SourceTitle "EXT 2008"]
[Source "ChessBase"]
[SourceDate "2007.11.25"]
[SourceVersion "1"]
[SourceVersionDate "2007.11.25"]
[SourceQuality "1"]

1. e4 e5 2. Nf3 Nc6 3. Bc4 Bc5 4. c3 Nf6 5. d3 d6 6. Bg5 Bg4 7. Nbd2 h6 8. Bh4 Qd7 9. h3 Be6 10. b4 Bb6 11. a4 a6 12. a5 Ba7 13. 0-0 0-0-0 14. b5 Bxc4 15. dxc4 Ne7 16. bxa6 bxa6 17. Qb3 Qc6 18. Rfb1 Rde8 19. Ne1 Ng6 20. Bxf6 gxf6 21. Ra2 Rhg8 22. Nd3 f5 23. Nb4 Qc5 24. Nf3 Kd7 25. Qa4+ Kd8 26. Nxa6 Nf4 27. g3 Nxh3+ 28. Kf1 Qxf2+ 29. Rxf2 Bxf2 30. Qc6 Rxg3 31. Qxc7# 1-0